| 000 | 00503nam a22001577a 4500 | ||
|---|---|---|---|
| 003 | macl | ||
| 005 | 20200211125151.0 | ||
| 008 | 200211b xxu||||| |||| 00| 0 eng d | ||
| 040 | _cmacl | ||
| 082 | _a891.432/AGN/D | ||
| 100 |
_aअग्निहोत्री कृष्णा _945562 |
||
| 245 | _aएक और अश्वत्थामा | ||
| 260 |
_aदिल्ली _bसाहित्य भारती _c2013 |
||
| 650 |
_aनाटक _978105 |
||
| 942 |
_2ddc _cHIN |
||
| 999 |
_c61999 _d61999 |
||